| 000 | 00852nas a2200277 4500 | ||
|---|---|---|---|
| 001 | BR0301496 | ||
| 003 | BR-BrBNA | ||
| 005 | 20231205103636.0 | ||
| 007 | ta | ||
| 008 | 230509b bl.|||p| |||| 00| 00por d | ||
| 040 |
_aBR-BrBNA _bpor _cBiblioteca Nacional de Agricultura |
||
| 041 | _a(Pt) | ||
| 072 | _aQ04 | ||
| 100 | 1 | _aVilas Boas, B.M. | |
| 100 | 1 | _aLicciardi, R. | |
| 100 | 1 | _aMorais, A.R. de | |
| 100 | 1 | _aCarvalho, V.D. de | |
| 245 | 1 | _aSeleção de extratores e tempo de extração para determinação de açúcares em café torrado | |
| 650 | _aCAFÉ | ||
| 650 | _aAÇÚCARES | ||
| 650 | _aCOMPOSIÇÃO QUÍMICA | ||
| 650 | _aTORREFAÇÃO | ||
| 773 | 0 |
_tCiência e Agrotecnologia (Brazil) _xISSN 1413-7054 _g(Sep-Oct 2001), v. 25(5) p. 1169-1173 _wBR0301496 |
|
| 909 |
_a202311 _bLúcia _c55 _dLúcia Elande |
||
| 942 |
_2AGRIS _n0 _cANA |
||
| 999 |
_c173967 _d173967 |
||